LEADER 01533nam 2200469 450 001 9910155234303321 005 20140325082631.0 010 $a1-61209-153-9 035 $a(CKB)3710000000973763 035 $a(MiAaPQ)EBC4787149 035 $a(EXLCZ)993710000000973763 100 $a20170130h20122012 uy 0 101 0 $aeng 135 $aurcnu|||||||| 181 $2rdacontent 182 $2rdamedia 183 $2rdacarrier 200 00$aRussia in Asia and the Arctic $epositioning, posturing and prospects /$fJordon Pate and Danilo F. Conrad, editors 210 1$aNew York :$cNova,$d2012. 210 4$dİ2012 215 $a1 online resource (176 pages) $cillustrations 225 1 $aRussian Political, Economic, and Security Issues 225 1 $aGlobal political studies 311 $a1-61942-666-8 320 $aIncludes bibliographical references at the end of each chapters and index. 410 0$aRussian political, economic and security issues. 410 0$aGlobal political studies series. 606 $aNatural resources$zRussia, Southern 606 $aNatural resources$zRussia, Northern 607 $aRussia (Federation)$xEconomic policy$y1991- 615 0$aNatural resources 615 0$aNatural resources 676 $a355/.033047 702 $aPate$b Jordon 702 $aConrad$b Danilo F. 801 0$bMiAaPQ 801 1$bMiAaPQ 801 2$bMiAaPQ 906 $aBOOK 912 $a9910155234303321 996 $aRussia in Asia and the Arctic$92885732 997 $aUNINA